<?xml version="1.0" encoding="UTF-8"?><marc:collection xmlns:marc="http://www.loc.gov/MARC21/slim">
  <marc:record>
    <marc:leader>00000nam  2200000za 4500</marc:leader>
    <marc:controlfield tag="001">9.688875</marc:controlfield>
    <marc:controlfield tag="003">CaOODSP</marc:controlfield>
    <marc:controlfield tag="005">20210624231632</marc:controlfield>
    <marc:controlfield tag="007">cr |||||||||||</marc:controlfield>
    <marc:controlfield tag="008">150407|2006||||xxc|||||o    f|0| 0 eng d</marc:controlfield>
    <marc:datafield tag="040" ind1=" " ind2=" ">
      <marc:subfield code="a">CaOODSP</marc:subfield>
      <marc:subfield code="b">eng</marc:subfield>
    </marc:datafield>
    <marc:datafield tag="043" ind1=" " ind2=" ">
      <marc:subfield code="a">n-cn---</marc:subfield>
    </marc:datafield>
    <marc:datafield tag="086" ind1="1" ind2=" ">
      <marc:subfield code="a">CP32-88/1-2006E-PDF</marc:subfield>
    </marc:datafield>
    <marc:datafield tag="110" ind1="1" ind2=" ">
      <marc:subfield code="a">Canada.</marc:subfield>
      <marc:subfield code="b">Privy Council.</marc:subfield>
    </marc:datafield>
    <marc:datafield tag="245" ind1="1" ind2="0">
      <marc:subfield code="a">Report of the events relating to Maher Arar </marc:subfield>
      <marc:subfield code="h">[electronic resource] / </marc:subfield>
      <marc:subfield code="c">Dennis R. O'Connor, Commissioner, Commission of Inquiry into the Actions of Canadian Officials in Relation to Maher Arar. </marc:subfield>
    </marc:datafield>
    <marc:datafield tag="246" ind1="1" ind2=" ">
      <marc:subfield code="i">Title also cited as : </marc:subfield>
      <marc:subfield code="a">Commissioner Dennis O’Connor report</marc:subfield>
    </marc:datafield>
    <marc:datafield tag="260" ind1=" " ind2=" ">
      <marc:subfield code="a">Ottawa : </marc:subfield>
      <marc:subfield code="b">Privy Council </marc:subfield>
      <marc:subfield code="c">2006.</marc:subfield>
    </marc:datafield>
    <marc:datafield tag="300" ind1=" " ind2=" ">
      <marc:subfield code="a">Issued in 4 PDF documents (376 p., 464 p., 364 p., 36 p.)</marc:subfield>
    </marc:datafield>
    <marc:datafield tag="500" ind1=" " ind2=" ">
      <marc:subfield code="a">Contents: Factual background (Volumes I and II).--Analysis and recommendations, Addendum. </marc:subfield>
    </marc:datafield>
    <marc:datafield tag="520" ind1="3" ind2=" ">
      <marc:subfield code="a">These three volumes present the factual background, analysis, and recommendations related to the inquiry into the actions of Canadian officials in relation to Maher Arar. The factual background chronicles the events based on the testimony the Commission received, including the events before Mr. Arar was detained in New York and what happened after he was returned to Canada from Syria. The third volume contains the analysis of the events and lists 23 recommendations. Also includes the addendum: Disclosure of information authorized by the Federal Court of Canada in accordance with Sections 38.04 and 38.06 of the Canada Evidence Act.</marc:subfield>
    </marc:datafield>
    <marc:datafield tag="590" ind1=" " ind2=" ">
      <marc:subfield code="a">06-38</marc:subfield>
      <marc:subfield code="b">2006-09-22</marc:subfield>
    </marc:datafield>
    <marc:datafield tag="690" ind1="0" ind2="7">
      <marc:subfield code="a">Commissions of inquiry</marc:subfield>
      <marc:subfield code="2">gcpds</marc:subfield>
    </marc:datafield>
    <marc:datafield tag="720" ind1="1" ind2=" ">
      <marc:subfield code="a">O'Connor, Dennis R.</marc:subfield>
    </marc:datafield>
    <marc:datafield tag="775" ind1="0" ind2="8">
      <marc:subfield code="t">Rapport sur les événements concernant Maher Arar </marc:subfield>
      <marc:subfield code="w">(CaOODSP)9.633297</marc:subfield>
    </marc:datafield>
    <marc:datafield tag="776" ind1="0" ind2="#">
      <marc:subfield code="t">Report of the events relating to Maher Arar / </marc:subfield>
      <marc:subfield code="w">(CaOODSP)9.650242</marc:subfield>
    </marc:datafield>
    <marc:datafield tag="856" ind1="4" ind2="0">
      <marc:subfield code="a">http://publications.gc.ca</marc:subfield>
      <marc:subfield code="q">PDF</marc:subfield>
      <marc:subfield code="s">1665 KB</marc:subfield>
      <marc:subfield code="u">https://publications.gc.ca/collections/Collection/CP32-88-1-2006E-FB1.pdf</marc:subfield>
    </marc:datafield>
    <marc:datafield tag="856" ind1="4" ind2="0">
      <marc:subfield code="a">http://publications.gc.ca</marc:subfield>
      <marc:subfield code="q">PDF</marc:subfield>
      <marc:subfield code="s">1588 KB</marc:subfield>
      <marc:subfield code="u">https://publications.gc.ca/collections/Collection/CP32-88-1-2006E-FB2.pdf</marc:subfield>
    </marc:datafield>
    <marc:datafield tag="856" ind1="4" ind2="0">
      <marc:subfield code="a">http://publications.gc.ca</marc:subfield>
      <marc:subfield code="q">PDF</marc:subfield>
      <marc:subfield code="s">1205 KB</marc:subfield>
      <marc:subfield code="u">https://publications.gc.ca/collections/Collection/CP32-88-1-2006E-AR.pdf</marc:subfield>
    </marc:datafield>
    <marc:datafield tag="856" ind1="4" ind2="0">
      <marc:subfield code="a">http://publications.gc.ca</marc:subfield>
      <marc:subfield code="q">PDF</marc:subfield>
      <marc:subfield code="s">669 KB</marc:subfield>
      <marc:subfield code="u">https://publications.gc.ca/collections/collection_2015/bcp-pco/CP32-88-1-1-2006-eng.pdf</marc:subfield>
    </marc:datafield>
  </marc:record>
</marc:collection>
